Najlepsi strzelcy Włoch na MŚ w piłce nożnej. - Statystyki

Ogólne statystyki
  • Ten quiz został rozwiązany 32 razy
  • Średni wynik to 3 z 8
Statystyki odpowiedzi
Gole Udział w MŚ Odpowiedź % Poprawnych
9 1990-1998 Roberto Baggio
79%
9 1978-1986 Paolo Rossi
69%
9 1998-2002 Christian Vieri
41%
6 1990 Salvatore Schillaci
34%
5 1938 Silvio Piola
21%
5 1982-1986 Alessandro Altobelli
14%
4 1934 Angelo Schiavio
7%
4 1938 Gino Colaussi
7%
Nie znaleziono quizów pasujących do podanych kryteriów
Rozkład punktacji
Procent ludzi z każdym wynikiem
Percentyl według liczby udzielonych odpowiedzi
Twoja historia wyników
Nie rozwiązałeś tego quizu